| 000 | 00731cam a22002411 4500 | ||
|---|---|---|---|
| 001 | sa 63003140 | ||
| 003 | DLC | ||
| 005 | 20260227111939.0 | ||
| 008 | 750828s1970 ii acfh 000 0 eng | ||
| 010 | _asa 63003140 | ||
| 035 | _a(OCoLC)1578514 | ||
| 040 |
_aDLC _cRPB _dNSyU _dDLC |
||
| 050 | 0 | 0 |
_aML390 _b.S1852 |
| 100 | 1 | _aSambamoorthy, P. | |
| 245 | 1 | 0 | _aGreat composers. |
| 250 | _a2d ed., rev. and enl. | ||
| 260 |
_aMadras, _bIndian music publishing house _c[1962-1970] |
||
| 300 |
_a2 v. _billus., facsims., plates, ports. _c19 cm. |
||
| 500 | _aSecond volume has sub-title: Tyagaraja. | ||
| 650 | 0 |
_aMusic _zIndia _xHistory and criticism. |
|
| 650 | 0 |
_aComposers _zIndia. |
|
| 600 | 0 | 0 |
_aTyāgarāja, _cSwami, _d1767-1847. |
| 999 |
_c54911 _d54911 |
||